Geography Quiz

Random Geography or State Quiz

American and Canadian Capitals Quiz Stats

 Plays Quiz not verified by Sporcle

Challenge
Share
Tweet
Embed
Score 0/69 Timer 15:00
0 Plays Today
State/Province/Territory % Correct
ColoradoDenver
93.9%
GeorgiaAtlanta
89.4%
TexasAustin
89.4%
ArizonaPhoenix
89.4%
MassachusettsBoston
87.9%
New YorkAlbany
87.9%
UtahSalt Lake City
87.9%
New JerseyTrenton
86.4%
VirginiaRichmond
86.4%
LouisianaBaton Rouge
86.4%
OklahomaOklahoma City
86.4%
IndianaIndianapolis
84.8%
MinnesotaSt Paul
84.8%
South DakotaPierre
84.8%
CaliforniaSacramento
84.8%
HawaiiHonolulu
84.8%
AlaskaJuneau
84.8%
TennesseeNashville
83.3%
FloridaTallahassee
83.3%
OhioColumbus
83.3%
IllinoisSpringfield
83.3%
New MexicoSanta Fe
83.3%
OregonSalem
83.3%
PennsylvaniaHarrisburg
81.8%
ArkansasLittle Rock
81.8%
IowaDes Moines
81.8%
OntarioToronto
81.8%
QuebecQuebec
81.8%
ConnecticutHartford
80.3%
AlabamaMontgomery
80.3%
SaskatchewanRegina
80.3%
Rhode IslandProvidence
78.8%
North CarolinaRaleigh
78.8%
WisconsinMadison
78.8%
IdahoBoise
78.8%
State/Province/Territory % Correct
MontanaHelena
78.8%
Nova ScotiaHalifax
78.8%
New HampshireConcord
77.3%
DelawareDover
77.3%
South CarolinaColumbia
77.3%
MichiganLansing
77.3%
KansasTopeka
77.3%
NebraskaLincoln
77.3%
WashingtonOlympia
77.3%
AlbertaEdmonton
77.3%
North DakotaBismarck
75.8%
NevadaCarson City
75.8%
Northwest TerritoriesYellowknife
75.8%
District of ColumbiaWashington
75.8%
MaineAugusta
74.2%
VermontMontpelier
74.2%
MarylandAnnapolis
74.2%
KentuckyFrankfort
74.2%
MississippiJackson
74.2%
WyomingCheyenne
74.2%
British ColumbiaVictoria
74.2%
MissouriJefferson City
72.7%
ManitobaWinnipeg
72.7%
NunavutIqaluit
72.7%
West VirginiaCharleston
71.2%
Newfoundland and LabradorSt Johns
71.2%
Yukon TerritoryWhitehorse
71.2%
New BrunswickFredericton
66.7%
Prince Edward IslandCharlottetown
65.2%
Puerto RicoSan Juan
59.1%
American SamoaPago Pago
28.8%
United States Virgin IslandsCharlotte Amalie
25.8%
Northern Mariana IslandsSaipan
22.7%
GuamHagatna
21.2%

You're not logged in!

Compare scores with friends on all Sporcle quizzes.
Join for Free
OR
Log In

You Might Also Like...

Show Comments

Extras

Top Quizzes Today


Score Distribution

Your Account Isn't Verified!

In order to create a playlist on Sporcle, you need to verify the email address you used during registration. Go to your Sporcle Settings to finish the process.

Report this User

Report this user for behavior that violates our Community Guidelines.

Details: